Rock Bands by Album Title - Statistics

General Stats
  • This quiz has been taken 87 times
  • The average score is 34 of 100
Answer Stats
Album Title Band/Artist % Correct
Appetite for Destruction Guns 'n' Roses
89%
Born in the U.S.A. Bruce Springsteen
88%
Nevermind Nirvana
86%
A Night at the Opera Queen
84%
The Rise and Fall of Ziggy Stardust and the Spiders from Mars David Bowie
81%
The Final Countdown Europe
81%
Kill 'em All Metallica
77%
High Voltage AC/DC
74%
Goodbye Yellow Brick Road Elton John
74%
OK Computer Radiohead
72%
Exile on Main Street The Rolling Stones
69%
Slippery When Wet Bon Jovi
68%
Houses of the Holy Led Zeppelin
68%
Mob Rules Black Sabbath
66%
Seventh Son of a Seventh Son Iron Maiden
66%
Pyromania Def Leppard
65%
(What's the Story) Morning Glory Oasis
62%
Tommy The Who
62%
The Division Bell Pink Floyd
61%
Bat Out of Hell Meat Loaf
59%
Rattle and Hum U2
59%
Desperado Eagles
57%
Bark at the Moon Ozzy Osbourne
57%
L.A. Woman The Doors
57%
Total Eclipse of the Heart Bonnie Tyler
53%
2112 Rush
47%
OU812 Van Halen
47%
Hybrid Theory Linkin Park
45%
Rust in Peace Megadeth
45%
Reign in Blood Slayer
45%
Blood on the Tracks Bob Dylan
43%
The Lamb Lies Down on Broadway Genesis
43%
Shout at the Devil Mötley Crüe
43%
Private Dancer Tina Turner
42%
Pump Aerosmith
41%
Axis: Bold as Love Jimi Hendrix
41%
Vitalogy Pearl Jam
41%
Stained Class Judas Priest
39%
Sandinista! The Clash
39%
Psycho Circus KISS
38%
1916 Motörhead
38%
Cherry Pie Warrant
35%
Hey Stoopid Alice Cooper
34%
Parallel Lines Blondie
34%
Fireball Deep Purple
34%
Cat Scratch Fever Ted Nugent
34%
Among the Living Anthrax
30%
G.I. Blues Elvis Presley
30%
Elephant The White Stripes
30%
Tubular Bells Mike Oldfield
28%
Americana The Offspring
28%
Recycler ZZ Top
28%
Cuts Like a Knife Bryan Adams
27%
Raised on Radio Journey
27%
Far Beyond Driven Pantera
27%
Full Moon Fever Tom Petty
26%
Antichrist Superstar Marilyn Manson
24%
Ænima Tool
24%
Agent Provocateur Foreigner
23%
Listen Like Thieves INXS
23%
Issues Korn
23%
Agents of Fortune Blue Oyster Cult
22%
Shake Your Money Maker The Black Crowes
20%
Crest of a Knave Jethro Tull
19%
Lovedrive The Scorpions
19%
Time and a Word Yes
19%
Very 'eavy, Very 'umble Uriah Heep
18%
Lovehunter Whitesnake
18%
Chinatown Thin Lizzy
16%
The 2nd Law Muse
15%
Denim and Leather Saxon
15%
Slave to the Grind Skid Row
15%
Kings of Metal Manowar
14%
Difficult to Cure Rainbow
14%
Chaos A.D. Sepultura
14%
No More Heroes The Stranglers
14%
Black Metal Venom
14%
Sonic Temple The Cult
12%
Wheels are Turnin' REO Speedwagon
11%
Glorious Results of a Misspent Youth Joan Jett & the Blackhearts
9%
Piledriver Status Quo
9%
The Crimson Idol W.A.S.P.
9%
Razorblade Suitcase Bush
8%
Lightning to the Nations Diamond Head
7%
A Tonic For the Troops The Boomtown Rats
7%
I Get Wet Andrew W.K.
5%
Gretchen Goes to Nebraska King's X
5%
We'll Bring the House Down Slade
5%
Moontan Golden Earring
4%
Flying in a Blue Dream Joe Satriani
4%
On a Storyteller's Night Magnum
4%
Paranoid and Sunburnt Skunk Anansie
4%
The Unforgiving Within Temptation
4%
The Nature of the Beast April Wine
3%
Time Honoured Ghosts Barclay James Harvest
3%
Victims of the Future Gary Moore
3%
Backstreet Symphony Thunder
3%
Space Bandits Hawkwind
1%
Metal Queen Lee Aaron
1%
Anthem Toyah
0%
No matching quizzes found
Score Distribution
Percent of People with Each Score
Percentile by Number Answered
Your Score History
You have not taken this quiz